和歌山県の市町村(1968年) - Statistics

General Stats
  • This quiz has been taken 10 times
  • The average score is 31 of 50
Answer Stats
コード 市町村 備考 % Correct
30201 和歌山市
100%
30202 海南市
75%
30203 橋本市
75%
30205 御坊市
75%
30206 田辺市
75%
30204 有田市
63%
30207 新宮市
63%
30302 海草郡野上町 2006年消滅
63%
30303 海草郡美里町 2006年消滅
63%
30322 那賀郡粉河町 2005年消滅
63%
30324 那賀郡桃山町 2005年消滅
63%
30325 那賀郡貴志川町 2005年消滅
63%
30326 那賀郡岩出町 2006年昇格
63%
30342 伊都郡高野口町 2006年消滅
63%
30343 伊都郡九度山町
63%
30344 伊都郡高野町
63%
30345 伊都郡花園村 2005年消滅
63%
30361 有田郡湯浅町
63%
30363 有田郡吉備町 2006年消滅
63%
30364 有田郡金屋町 2006年消滅
63%
30365 有田郡清水町 2006年消滅
63%
30381 日高郡美浜町
63%
30382 日高郡日高町
63%
30383 日高郡由良町
63%
30384 日高郡川辺町 2005年消滅
63%
30385 日高郡中津村 2005年消滅
63%
30388 日高郡南部川村 2004年消滅
63%
30389 日高郡南部町 2004年消滅
63%
30390 日高郡印南町
63%
30402 西牟婁郡中辺路町 2005年消滅
63%
30403 西牟婁郡大塔村 2005年消滅
63%
30404 西牟婁郡上富田町
63%
30405 西牟婁郡日置川町 2006年消滅
63%
30406 西牟婁郡すさみ町
63%
30407 西牟婁郡串本町
63%
30421 東牟婁郡那智勝浦町
63%
30422 東牟婁郡太地町
63%
30423 東牟婁郡古座町 2005年消滅
63%
30424 東牟婁郡古座川町
63%
30425 東牟婁郡熊野川町 2005年消滅
63%
30427 東牟婁郡北山村
63%
30301 海草郡下津町 2005年消滅
50%
30321 那賀郡打田町 2005年消滅
50%
30323 那賀郡那賀町 2005年消滅
50%
30341 伊都郡かつらぎ町
50%
30362 有田郡広川町
50%
30386 日高郡美山村 2005年消滅
50%
30387 日高郡龍神村 2005年消滅
50%
30401 西牟婁郡白浜町
50%
30426 東牟婁郡本宮町 2005年消滅
50%
No matching quizzes found
Score Distribution
Percent of People with Each Score
Percentile by Number Answered
Your Score History
You have not taken this quiz